000 00603nam a22001697a 4500
003 OSt
005 20171010095456.0
008 120703t xxu||||| |||| 00| 0 eng d
040 _aMMSU
_cULS
100 _aTejarez, Princess Hanilet A.
_910973
245 _aPerception of bataqueƱos on the homosexual portrayals in philippine movies
_cPrincess Hanilet A. Tejarez
260 _c2008
300 _axi, 114 leaves
_c28 cm.
500 _aThesis (AB English Studies) -- Mariano Marcos State University-College of Arts & Sciences, Batac City
504 _aBibliography: leaves 72-74
942 _2ddc
_cTHEDIS
999 _c9620
_d9620